| 000 | 00581nam a2200181Ia 4500 | ||
|---|---|---|---|
| 008 | 151018s9999 xx 000 0 und d | ||
| 082 |
_bRBASDV45297 _a891.463 |
||
| 100 | _aअंकुश गोळवणकर | ||
| 245 | _aआजोळची वाट | ||
| 250 | _b1 | ||
| 260 |
_bविभासा पुस्तक महाल _c2007 |
||
| 300 | _a144 | ||
| 600 | _aअंकुश गोळवणकर | ||
| 630 | _aआजोळची वाट | ||
| 700 | _aअंकुश गोळवणकर | ||
| 730 | _aआजोळची वाट | ||
| 942 | _cBOOK | ||
| 999 |
_c1044484 _d1044481 |
||